| 000 | 01676cai a22002175a 4500 | ||
|---|---|---|---|
| 001 | L153926 | ||
| 008 | 110921u2007 xxk g 000 0 eng d | ||
| 035 | _a(Sirsi) u153926 | ||
| 041 | 0 | _aeng | |
| 110 | 2 |
_aUnited Kingdom _bOffice of Government Commerce _95119 |
|
| 245 | 0 | 0 |
_aValue management in construction _bcase studies _h[electronic resource] |
| 260 |
_aLondon _bOGC _c2007 |
||
| 520 | _aValue Management (VM) is a well-established methodology for defining and maximising value for money. It can be applied to any type of project regardless of size or timeframe and at all stages throughout the life cycle of the project from inception to completion. The Office of Government Commerce (OGC) has joined with APM Group Ltd and the Institute of Value Management to produce a series of case studies which demonstrate how applying VM to public sector construction projects can result in first-class, wholelife value-for-money programmes and projects that ultimately lead to better public services. OGC's Achieving Excellence in Construction initiative (see Annex B) advocates the application of VM to construction projects. Case studies include Hextable Dance, Open University, Kintry Housing Partnership, Home Happening, NHS Teaching Hospital, Withington Community Hospital, and Antlers' Bridge in California, USA. | ||
| 651 | 4 |
_aUnited Kingdom _y |
|
| 651 | 4 |
_aUnited States _y1959- |
|
| 690 | _aBUILT ENVIRONMENT-CONSTRUCTION MANAGEMENT | ||
| 690 | _aBUILT ENVIRONMENT-BUILDING COSTS | ||
| 690 |
_aProject management _96261 |
||
| 856 | 4 | 0 |
_uhttps://83.231.159.113/documents/CP0152ValueManagementInConstruction.pdf _zView the website free of charge online. |
| 942 | _n0 | ||
| 999 |
_c112767 _d112767 |
||